000 00439nam a2200169 a 4500
001 0000-9281
003 ELIB.Books
008 110520 1976
035 _a(ELIB.Books)0000-9433
082 _aFic
_bRid
100 _aRidsdale, Angela M.
245 _aWhat Makes Me tick
260 _bWest Melbourne: Thomas Newlson Australia Pty Ltd.
_c1976
650 _aFiction
942 _2ddc
_cBK
998 _cbat
_e2011-05-20
999 _c9281
_d9281